|
|
|
|
| LEADER |
00892nam a2200265 4500 |
| 001 |
c000135031 |
| 003 |
CARM |
| 005 |
00000000000000.0 |
| 008 |
700227s1970 enk b 00000 eng |
| 019 |
1 |
|
|a 44335
|5 LACONCORD2021
|
| 035 |
|
|
|a (OCoLC)56224
|5 LACONCORD2021
|
| 050 |
0 |
0 |
|a BF717
|b .M3 1970
|
| 100 |
1 |
|
|a McLellan, Joyce.
|
| 245 |
1 |
4 |
|a The question of play.
|
| 250 |
|
|
|a [1st ed.
|
| 260 |
|
|
|a Oxford,
|a New York]
|b Pergamon Press
|c [1970]
|
| 300 |
|
|
|a viii, 88 p.
|c 22 cm.
|
| 440 |
|
0 |
|a Pergamon English library
|
| 504 |
|
|
|a Includes bibliographies.
|
| 650 |
|
0 |
|a Play
|x Psychological aspects.
|
| 650 |
|
0 |
|a Child psychology.
|
| 852 |
8 |
|
|b CARM
|h A2:AH33A0
|i B03744
|p 0181060
|f BK
|
| 082 |
0 |
4 |
|a 155.4
|
| 999 |
f |
f |
|i 28ac0eff-4513-5c3c-afad-2ec70c6e5e63
|s 050422a9-9613-536d-86a1-fcb0d2c90a9e
|
| 952 |
f |
f |
|p Can circulate
|a CAVAL
|b CAVAL
|c CAVAL
|d CARM 1 Store
|e B03744
|f A2:AH33A0
|h Other scheme
|i book
|m 0181060
|